000 00860nam a2200241Ia 4500
003 OSt
005 20220923222257.0
006 a|||||r|||| 00| 0
007 ta
008 220922b |||||||| |||| 00| 0 hin d
024 _a204,187
037 _cTextual
040 _aARTS
_cARTS
_bhin
041 _2hin
_ahin
082 _aO155:2N28:1, 152L3-;1
100 _aतेडुलकर, विजय; वर्मा, सरोजनी, अनु.
_9166546
245 0 _aसखाराम बाइन्डर
246 _aSakhārām bāinḍara
260 _aइलाहाबाद
_b लोकभारती प्रका0
_c1973
300 _a162पृ.
_ccm.
942 _hO155:2N28:1, 152L3-;1
_cTEXL
_2CC
999 _c354936
_d354936